Geographic Groups of Three #3 (Hard) - Statistics

General Stats
  • This quiz has been taken 185 times
    165 since last reset
  • The average score is 19 of 36
Answer Stats
Group Answer % Correct
Holiest Cities in Islam Mecca
96%
Capitals of the E.U. Brussels
91%
Holiest Cities in Islam Jerusalem
86%
Largest Gulfs Gulf of Mexico
84%
First Modern Olympics Athens
82%
Longest French Rivers Seine
81%
Holiest Cities in Islam Medina
80%
Deepest Trenches Mariana Trench
77%
First Modern Olympics Paris
72%
Capitals of the E.U. Luxembourg
69%
Largest Islands of PNG New Guinea
65%
Longest French Rivers Loire
64%
Straight of Malacca Countries Malaysia
64%
Historical Czech Regions Bohemia
63%
Straight of Malacca Countries Singapore
63%
Straight of Malacca Countries Indonesia
62%
UK Crown Dependencies Isle of Man
62%
Capitals of the E.U. Strasbourg
61%
UK Crown Dependencies Jersey
57%
Longest French Rivers Rhône
57%
Capitals of the Guianas Georgetown
53%
UK Crown Dependencies Guernsey
51%
Capitals of the Guianas Paramaribo
49%
Largest Gulfs Gulf of Guinea
38%
Capitals of the Guianas Cayenne
37%
Internal Australian Territories Northern Territory
35%
Internal Australian Territories Australian Capital Territory
34%
Historical Czech Regions Moravia
33%
First Modern Olympics St. Louis
28%
Historical Czech Regions Czech Silesia
22%
Largest Islands of PNG New Britain
19%
Largest Islands of PNG New Ireland
15%
Largest Gulfs Gulf of Alaska
11%
Deepest Trenches Phillipine Trench
11%
Internal Australian Territories Jervis Bay Territory
9%
Deepest Trenches Tonga Trench
8%
No matching quizzes found
Score Distribution
Percent of People with Each Score
Percentile by Number Answered
Your Score History
You have not taken this quiz since the last reset